Gedl, Marek: Die Bronzegefäße in Polen. - Stuttgart

Titel: Gedl, Marek: Die Bronzegefäße in Polen. - Stuttgart : Steiner. - 2001 [Rezension]
Verfasser:
In: Prähistorische Zeitschrift, Band 79 (2004), Seite 249-250
alle Artikel anzeigen
Veröffentlicht: 2004
Format: Aufsatz
Sprache: Deutsch
Kein Bild verfügbar
X
alg: 39487514
001A    $01999:12-11-16 
001B    $01999:03-08-21 $t21:05:13.000 
001D    $01999:12-11-16 
001U    $0utf8 
001X    $00 
002@    $0Aox 
003@    $0394875141 
007A    $0394875141 $aHEB 
007T    $0Herd65601 
010@    $ager 
011@    $a2004 
021A    $aGedl, Marek: Die @Bronzegefäße in Polen. - Stuttgart $dSteiner. -  2001 [Rezension] 
028A    $aHänsel $dBernhard 
031A    $d79 $h249-250 $j2004 
039B    $aIn $8--Abvc--. Prähistorische Zeitschrift. - Berlin {[u.a.] : de Gruyter, 1909-. - ISSN 0079-4848 $x200400000790000751 $9047249722 
039T    $8--Aau--Gedl, Marek$Z1934-2014 [Tp1]. Die @Bronzegefäße in Polen. - Stuttgart : Steiner, 2001. - 74, 82 Seiten. - Illustrationen. - ISBN 3-515-07505-4 $9101434952 
045F    $a900.9438 $eDDC23BSB 
045F/01 $a900 
045F/03 $g438 
045T    $a6,11 

lok: 39487514 78

exp: 39487514 78 1 #EPN
201B/01 $018-11-16 $t13:00:32.000 
201U/01 $0utf8 
203@/01 $0791173720 
208@/01 $a12-11-16 $be 
209A/01 $a/ $f000 $x00 
220C/01 $aTitelaufnehmer: wr 
244Z/01 $2Trx $#Poola $#Lenkija $#Polija $#Polen Land $#Poland $#Lengyelország $#Poľsko $#Polsko $8--Trx--Polska$gkraj $x01 $9391345966 
244Z/01 $2Trx $#arvustused $#recenzijos $#Reviews $#recenziók $#recenzje $#recenzie $#recenze $8--Trx--Rezensionen $x02 $9391357441 
247C/01 $82080>Marburg/Lahn, Herder-Institut, Forschungsbibliothek, Bibliographieportal $9336309341
LEADER 00000caa a22000002c 4500
001 394875141
003 DE-603
005 20210803210513.0
007 tu
008 161112s2004 xx |||| | u00||u|ger c
035 |a (DE-599)HEB394875141 
040 |a DE-603  |b ger  |c DE-603  |d DE-603 
041 |a ger 
082 0 4 |8 1\u  |a 900.9438  |q DE-101  |2 23/BSB 
084 |a 6,11  |2 ssgn 
085 |8 1\u  |b 900 
085 |8 1\u  |z 2  |s 438 
100 1 |a Hänsel, Bernhard 
245 0 0 |a ˜Gedl, Marek: Dieœ Bronzegefäße in Polen. - Stuttgart  |b Steiner. - 2001 [Rezension] 
264 0 |c 2004 
773 0 8 |i In  |t Prähistorische Zeitschrift  |d Berlin ˜[u.a.] œ: de Gruyter, 1909-  |x 0079-4848  |g Band 79 (2004), Seite 249-250  |w (DE-603)047249722  |w (DE-600)200096-9 
787 0 8 |i Rezension von  |a Gedl, Marek, 1934-2014  |t ˜Dieœ Bronzegefäße in Polen  |d Stuttgart : Steiner, 2001  |h 74, 82 Seiten, Illustrationen  |z 3515075054  |w (DE-603)101434952 
924 0 |9 2080  |a (DE-603)791173720  |b DE-2080  |c HES  |d d  |g /